MARC

LEADER 00000nas a2200000 a 4500
001 ssj0004709
003 WaSeSS
005 20200512172242.0
006 m d
007 cr n
008 990510c19479999cauar ss 0 a0eng c
010 |a  2003215282 
016 7 |a 1470471 -7  |2 DE-600 
022 |a 1545-3251  |l 0066-4227  |y 0066-4227 
030 |a ARMIAZ 
035 |a (WaSeSS)ssj0004709 
037 |b Annual Reviews, 4139 El Camino Way, P.O. Box 10139, Palo Alto, CA 94303-0139 
040 |a TMC  |b eng  |c TMC  |d EYM  |d OCLCQ  |d NSD  |d OCLCQ  |d UV$  |d EEM  |d OCLCQ  |d OCLCO  |d OCLCF  |d OCLCO  |d VT2  |d EUW  |d OCLCQ  |d ELW  |d OCLCO  |d DEFHM  |d OCLCO  |d OCLCA  |d WT2  |d OCLCO  |d OCLCA  |d OCLCE  |d AZU  |d CSU  |d UAB  |d DHU  |d OSU  |d OCLCO  |d BUF  |d OCLCO  |d OCLCA  |d UUM  |d OCLCO  |d U3W  |d OCLCA  |d OCLCQ  |d OCLCO  |d AU@  |d OCLCO  |d WYU  |d OCLCA  |d OCLCO  |d OCLCA  |d LEAUB  |d CNTRU  |d OCLCO  |d NJT  |d OCLCO  |d OCLCQ  |d OCLCO  |d OCLCA  |d CUI  |d WaSeSS 
042 |a nsdp  |a pcc 
050 1 4 |a QR 
130 0 |a Annual review of microbiology (Online) 
210 0 |a Annu. rev. microbiol.  |b (Online) 
222 0 |a Annual review of microbiology  |b (Online) 
245 1 0 |a Annual review of microbiology  |h [electronic resource]. 
260 |a Palo Alto, Calif. :  |b Annual Reviews 
310 |a Annual 
362 1 |a Print began in 1947. 
506 |a License restrictions may limit access. 
538 |a Master and use copy. Digital master created according to Benchmark for Faithful Digital Reproductions of Monographs and Serials, Version 1. Digital Library Federation, December 2002.  |u http://purl.oclc.org/DLF/benchrepro0212  |5 MiAaHDL 
583 1 |a digitized  |c 2010  |h HathiTrust Digital Library  |l committed to preserve  |2 pda  |5 MiAaHDL 
588 0 |a Print version record. 
588 1 |a Vol. 73 (2019) (annualreviews.org, viewed May 5, 2020). 
650 0 |a Microorganisms  |v Periodicals. 
650 0 |a Microbiology  |v Periodicals. 
650 2 |a Bacteriology. 
650 2 |a Microbiology. 
650 6 |a Microbiologie  |v Périodiques. 
650 6 |a Micro-organismes  |v Périodiques. 
650 7 |a Microbiology.  |2 ebps 
650 7 |a Microbiology.  |2 fast  |0 (OCoLC)fst01019576 
650 7 |a Microorganisms.  |2 fast  |0 (OCoLC)fst01019928 
650 7 |a Mikrobiologie  |2 gnd 
650 7 |a Zeitschrift  |2 gnd 
650 7 |a Online-Ressource  |2 gnd 
650 1 7 |a Microbiologie.  |2 gtt 
655 0 |a Electronic journals. 
776 0 8 |i Print version:  |t Annual review of microbiology  |x 0066-4227  |w (DLC) 49000432  |w (OCoLC)1325421 
856 4 0 |z Full text available from Research Library: 01/01/1997 to 01/31/2004  |u https://search.proquest.com/publication/2834